LEADER 00830cam0 2200265 450 001 E600200068155 005 20101029090044.0 100 $a20101029dS.D. |||||ita|0103 ba 101 $aita 102 $aIT 200 1 $aPomerio$fPierangelo Catalano 210 $aTorino$cUTET$d[s.d.] 215 $a12 p.$d20 cm 300 $a(mm) 300 $aEstr. da: Novissimo digesto italiano 700 1$aCatalano$b, Pierangelo$3A600200055762$4070$0235933 801 0$aIT$bUNISOB$c20101029$gRICA 850 $aUNISOB 852 $aUNISOB$jFondo|Casavola|Opusc$m151591 912 $aE600200068155 940 $aM 102 Monografia moderna SBN 941 $aM 957 $b1170$gSi$d151591$hCasavola$rdono$1menle$2UNISOB$3UNISOB$420101029090046.0$520101029090121.0$6menle$aFondo|Casavola|Opusc 996 $aPomerio$91699870 997 $aUNISOB LEADER 00978cam0 2200241 450 001 E600200032935 005 20190213122741.0 100 $a20080110d0000 |||||ita|0103 ba 101 $aita 102 $aIT 200 1 $aDottorato di ricerca in : Teoria della sovranità e crisi dello stato. Università degli Studi di Roma "La Sapienza", Facoltà di Scienze Politiche$fPaola Giordano 210 $a[Roma]$cs.e.$ds.d. 215 $a146 p.$d27 cm 700 1$aGiordano$b, Paola$3AF00009565$4070$0239491 801 0$aIT$bUNISOB$c20190213$gRICA 850 $aUNISOB 852 $aUNISOB$j320$m98554 912 $aE600200032935 940 $aM 102 Monografia moderna SBN 941 $aM 957 $a320$bIII (3)$gSi$d98554$rdono$1beth$2UNISOB$3UNISOB$420080110093535.0$520190213122741.0$6bethb 996 $aDottorato di ricerca in : Teoria della sovranità e crisi dello stato. Università degli Studi di Roma "La Sapienza", Facoltà di Scienze Politiche$91684104 997 $aUNISOB LEADER 01106nam0 22003011i 450 001 RML0289673 005 20231121125735.0 010 $a0387278028 100 $a20121121d2006 ||||0itac50 ba 101 | $aeng 102 $aus 181 1$6z01$ai $bxxxe 182 1$6z01$an 200 1 $aModeling and simulation in Scilab/Scicos$fStephen L. Campbell, Jean-Philippe Chancelier and Ramine Nikoukhah 210 $aNew York $cSpringer $d2006 215 $axii, 314 p.$d26 cm. 676 $a510$9$v20 700 1$aCampbell$b, Stephen L.$3RMLV187275$0471255 701 1$aNikoukhah$b, Ramine$3RMLV187273$0767849 701 1$aChancelier$b, Jean-Philippe$3RMLV187274$01445175 801 3$aIT$bIT-01$c20121121 850 $aIT-FR0099 899 $aBiblioteca Area Ingegneristica$bFR0099 912 $aRML0289673 950 0$aBiblioteca Area Ingegneristica$d 54DAE 510 CAM$e 54VM 0000591105 VM barcode:BAIN004782. - Inventario:683AVM$fB $h20060109$i20121204 977 $a 54 996 $aModeling and simulation in Scilab$93627814 997 $aUNICAS